Vplyv súčasnej finančnej krízy na odhad premenných pri ohodnocovaní akcií diplomová práca

Salvato in:
Dettagli Bibliografici
Autore principale: Šándor, Marek
Ente Autore: Fakulta podnikového manažmentu EU. Katedra podnikových financií
Altri autori: Hrvoľová, Božena
Natura: Libro
Lingua:slovacco
Pubblicazione: Bratislava 2011
Tags: Aggiungi Tag
Nessun Tag, puoi essere il primo ad aggiungerne!!

MARC

LEADER 00000nbm a2200000 4500
001 0131621
005 20161109101719.8
041 0 |a slo 
044 |a SK 
245 1 0 |a Vplyv súčasnej finančnej krízy na odhad premenných pri ohodnocovaní akcií  |b diplomová práca  |c Marek Šándor ; školiteľ: Božena Hrvoľová 
264 1 |a Bratislava  |c 2011 
300 |a 77 s. 
100 1 |a Šándor, Marek 
700 1 |a Hrvoľová, Božena 
710 2 |a Fakulta podnikového manažmentu EU. Katedra podnikových financií